Music Quiz

Random Music or Song Quiz
Score 0/12 Timer 05:00
0 Plays Today
Month Song % Correct
MarchDark Horse
87.5%
AprilHappy
80%
MayHappy
75%
FebruaryTimber
72.5%
JuneFancy
72.5%
JulyFancy
67.5%
OctoberAll About That Bass
67.5%
DecemberBlank Space
67.5%
NovemberAll About That Bass
65%
SeptemberShake It Off
62.5%
AugustRude
60%
JanuaryThe Monster
50%
Remove Ads.
Support Sporcle.
Get the best of Sporcle when you Go Orange. This ad-free experience offers more features, more stats, and more fun while also helping to support Sporcle. Thank you for becoming a member.

You're not logged in!

Compare scores with friends on all Sporcle quizzes.
OR
Log In

Show Comments

Extras

Top Quizzes Today


Score Distribution

Your Account Isn't Verified!

In order to create a playlist on Sporcle, you need to verify the email address you used during registration. Go to your Sporcle Settings to finish the process.

Report this User

Report this user for behavior that violates our Community Guidelines.

Details: